Music Quiz

Random Music or Song Quiz

Fall out boy lyrics Quiz Stats

 Plays Quiz not verified by Sporcle

Challenge
Share
Tweet
Score 0/10 Timer 10:00
0 Plays Today
% Correct
Am I more than you bargained for yet?
94%
Dance, this is the way they'd love if they knew how misery loved me
94%
Your my cherry blossom, your about to bloom. You look so pretty ,but your gone so soon.
93.5%
Put on you war paint.
92.8%
The blood, the blood, the blood of a lamb is worth two lions but here I am.
92.6%
This is the road to ruin, and we started at the end.
91.7%
I've got the scars from tomorrow and I wish you could see that you're the antidote to everything except for me.
91.5%
One night, yeah, and one more time.
91.2%
Erase my self and let go. Start it over again in Mexico.
86.9%
And I don't really care which side wins.
82%

You're not logged in!

Compare scores with friends on all Sporcle quizzes.
Join for Free
OR
Log In

You Might Also Like...

Show Comments

Extras

Top Quizzes Today


Score Distribution

Your Account Isn't Verified!

In order to create a playlist on Sporcle, you need to verify the email address you used during registration. Go to your Sporcle Settings to finish the process.

Report this User

Report this user for behavior that violates our Community Guidelines.

Details: